Cuentas contables/Accounting accounts - Estadísticas

Estadísticas generales
  • Esta prueba ha sido intentada 32 veces
    17 desde el último reinicio
  • La puntuación promedio es 6 de 48
Estadísticas de respuestas
Definición Nombre de cuentas % Correcto
Dinero en efectivo Caja
100%
Artículos para la venta. (Activo) Mercadería
47%
Las deudas comerciales (por mercaderías) de palabra sin documentar. (Pasivo) Proveedores
33%
Dinero depositado en el banco en una caja deahorro. (Activo) Banco caja de ahorro
27%
Dinero depositado en el banco en una cuenta corriente. (Activo) Banco cuenta corriente
27%
Diferencia entre el activo menos el pasivo. (Patrimonio neto) Capital
27%
Personas que nos deben dinero por la ventade mercadería de palabra (Fiado). (Activo) Deudores por venta
27%
Personas que nos deben dinero de palabra por cualquier motivo. (Activo) Deudores varios
27%
Pagarés firmados por terceros anuestro favor. (Activo) Documentos a cobrar
27%
Dinero depositado en el banco en un plazo fijo. (Activo) Banco plazo fijo
20%
Los pagarés de nuestra firma, son deudas documentadas. (Pasivo) Documentos a pagar
20%
Son los locales, terrenos, casas etcétera. (Activo) Inmuebles
20%
IVA que pagamos en las compras a unresponsable inscripto. (Activo) IVA crédito fiscal
20%
Son las máquinas utilizadas en la empresa. (Activo) Maquinarias
20%
Son los dólares, euros, reales, etcétera. (Activo) Moneda extranjera
20%
Son los escritorios, mesas, sillas, etcétera. (Activo) Muebles y útiles
20%
Los sueldos pagados a los empleados. (Resultado negativo) Sueldos y jornales
20%
Ingresos al vender mercaderías. (Resultado positivo) Ventas
20%
Es todo lo adherido al inmueble. (Activo) Instalaciones
13%
Surge cuando el IVA crédito fiscal es mayoral débito en un mes. (Activo) IVA saldo a favor
13%
Dinero depositado en el banco por orden legal. (Patrimonio neto) Reserva legal
13%
Son los vehículos de la empresa. (Activo) Rodados
13%
Los cheques depositados y devueltos por el banco. (Activo) Cheques rechazados
7%
Rebaja en el precio que le hacemos a nuestros clienteso deudores por pagar al contado. (Resultado negativo) Descuentos cedidos/perdidos
7%
Rebaja en el precio que nos hacen los proveedores o acreedores por pagar al contado. (Resultado positivo) Descuentos obtenidos/ganados
7%
Deuda con el banco por diferentes motivos (préstamos adelantados etcétera). (Pasivo) Deudas bancarias
7%
Mantenimiento de cuentas, chequeras, etcétera. (Resultado negativo) Gastos bancarios
7%
Los préstamos obtenidos con garantía hipotecaria. (Pasivo) Hipotecas a pagar
7%
Son los cheques de terceros a nuestro favor que recibimos al vender o cobrar. (Activo) Valores a depositar
7%
Las deudas no comerciales, de palabra, sin documentar. (Pasivo) Acreedores vs
0%
Dinero o cheques entregados a un proveedor. (Activo) Adelanto a proveedores
0%
Dinero prestado por el banco para pagar cheques. (Pasivo) Adelantos bancarios en cuenta corriente
0%
Vales entregados a nuestros empleados a cuenta de sueldo. (Activo) Adelantos de sueldos
0%
Ganancias al tener inmuebles en alquiler. (Resultado positivo) Alquileres cobrados/ganados
0%
El importe que pagamos por usar propiedades de terceros. (Resultado negativo) Alquileres pagados/perdidos/cedidos
0%
Rebaja en el precio que nos hacen los proveedorespor comprar en cantidad. (Resultado positivo) Bonificaciones obtenidas/ganadas
0%
Rebaja que le hacemos a nuestros clientes en el preciopor comprar en cantidad. (Resultado negativo) Bonificaciones perdidas/cedidas
0%
Ganancias por intermediar en una operación comercial. (Resultado positivo) Comisiones cobradas/ganadas
0%
Dinero pagado a vendedores y comisionistas por tareasencargadas. (Resultado negativo) Comisiones pagadas/perdidas/cedidas
0%
Son las computadoras, monitores, palms,notebooks, etcétera. (Activo) Computadoras
0%
El precio que le costó al comerciantes la mercaderíaque vendió. (Resultado negativo) Costo de mercaderías vendidas
0%
Gastos por el transporte de mercado. (Resultado negativo) Fletes y acarreos
0%
Son los gastos de bajo importe: Luz, gas, artículos,librerías etcétera. (Resultado negativo) Gastos generales
0%
Dinero pagado a la AFIP, Municipalidad, etcétera, por IVA, ganancias, etcétera. (Resultado negativo) Impuestos
0%
Recargo que le cobramos a clientes y deudorespor atraso en sus pagos. (Resultado positivo) Intereses cobrados/ganados
0%
El recargo que nos cobran proveedores y acreedorespor las deudas a plazo. (Resultado negativo) Intereses pagados/perdidos/cedidos
0%
Gastos de luz etcétera. (Resultado negativo) Servicios
0%
Los cupones firmados por los clientes a nuestro favor. (Activo) Tarjeta visa
0%
No se encontraron pruebas coincidentes
Distribución de puntuación
Porcentaje de gente con cada puntuación
Porcentaje por número respondido
Historial de tus puntuaciones
No has intentado esta prueba desde el último reinicio